North America - Guess the Flags by Minecraft Banners - Statistics

General Stats
  • This quiz has been taken 10 times
  • The average score is 19 of 23
Answer Stats
Picture Answer % Correct
Canada
100%
Mexico
100%
United States of America
100%
Antigua and Barbuda
83%
Belize
83%
Costa Rica
83%
Cuba
83%
Dominica
83%
Dominican Republic
83%
El Salvador
83%
Grenada
83%
Guatemala
83%
Honduras
83%
Jamaica
83%
Nicaragua
83%
Panama
83%
Saint Kitts and Nevis
83%
Saint Vincent and the Grenadines
83%
The Bahamas
83%
Trinidad and Tobago
83%
Barbados
67%
Haiti
67%
Saint Lucia
67%
No matching quizzes found
Score Distribution
Percent of People with Each Score
Percentile by Number Answered
Your Score History
You have not taken this quiz